Insects and human life (Record no. 214635)
[ view plain ]
| 000 -LEADER | |
|---|---|
| fixed length control field | 01493nam a22003614a 4500 |
| 082 04 - DEWEY DECIMAL CLASSIFICATION NUMBER | |
| Classification number | 595.716/3/096897 |
| 100 1# - MAIN ENTRY--AUTHOR NAME | |
| Personal name | Morris, Brian, |
| 245 10 - TITLE STATEMENT | |
| Title | Insects and human life |
| 250 ## - EDITION STATEMENT | |
| Edition statement | 1st ed. |
| 260 ## - PUBLICATION, DISTRIBUTION, ETC. (IMPRINT) | |
| Place of publication | Oxford ; |
| -- | New York : |
| Name of publisher | Berg, |
| Year of publication | 2004. |
| 300 ## - PHYSICAL DESCRIPTION | |
| Number of Pages | xv, 317 p. : |
| Other physical details | ill. |
| 505 0# - FORMATTED CONTENTS NOTE | |
| Formatted contents note | Folk classifications of insects -- Insects as food -- Bees and beekeeping -- Insects and agriculture -- Household pests and locust swarms -- Insects and disease -- Cultural entomology. |
| 650 #0 - SUBJECT ADDED ENTRY--TOPICAL TERM | |
| Topical Term | Beneficial insects |
| Topical Term | Insect pests |
| Topical Term | Beneficial insects |
| Topical Term | Insects |
| 856 40 - ELECTRONIC LOCATION AND ACCESS | |
| Uniform Resource Identifier | http://site.ebrary.com/lib/rucke/Doc?id=10193729 |
No items available.
